Rozdiely v transmisnom mechanizme EA12 a EA16

Porovnanie vplyvu menovo-politického šoku ECB (Európskej centrálnej banky) pre zoskupenie krajín EA12 a EA16 pomocou metódy vektorovej autoregresie (VAR). Rozdielny vplyv menových šokov na cenovú hladinu a medzeru outputu je v závere príspevku vysvetlený sledovaním individuálneho transmisného mechan...

Description complète

Enregistré dans:
Détails bibliographiques
Auteur principal: Střelecká, Zdenka
Format: Chapitre de livre
Langue:slovaque
Sujets:
Tags: Ajouter un tag
Pas de tags, Soyez le premier à ajouter un tag!

MARC

LEADER 00000nla$a2200000$$$4500
001 0146541
005 20221103134430.2
041 0 |a slo 
044 |a SK 
245 1 0 |a Rozdiely v transmisnom mechanizme EA12 a EA16  |c Zdenka Střelecká 
520 |a Porovnanie vplyvu menovo-politického šoku ECB (Európskej centrálnej banky) pre zoskupenie krajín EA12 a EA16 pomocou metódy vektorovej autoregresie (VAR). Rozdielny vplyv menových šokov na cenovú hladinu a medzeru outputu je v závere príspevku vysvetlený sledovaním individuálneho transmisného mechanizmu vybraných členských krajín. 
610 2 0 |a eurozóna 
610 2 0 |a politika menová 
610 2 0 |a banky centrálne 
610 2 0 |a hladina cenová 
610 2 0 |a Európska únia 
100 1 |a Střelecká, Zdenka